The three musketeers / (Record no. 3334)

MARC details
000 -LEADER
fixed length control field 00671nam a2200205 ar4500
001 - CONTROL NUMBER
control field 3336
005 - DATE AND TIME OF LATEST TRANSACTION
control field 20221127090727.0
008 - FIXED-LENGTH DATA ELEMENTS--GENERAL INFORMATION
fixed length control field 130608s xxk 0001f eng d
020 ## - INTERNATIONAL STANDARD BOOK NUMBER
International Standard Book Number 1853260401(pbk)
082 04 - DEWEY DECIMAL CLASSIFICATION NUMBER
Classification number 843.7
Item number D891 1993
100 1# - MAIN ENTRY--PERSONAL NAME
Personal name Dumas, Alexandre,
Dates associated with a name 1802-1870.
245 14 - TITLE STATEMENT
Title The three musketeers /
Statement of responsibility, etc. Alexandre Dumas ; with an introduction and notes by Keith Wren.
260 ## - PUBLICATION, DISTRIBUTION, ETC.
Place of publication, distribution, etc. Ware, Hertfordshire :
Name of publisher, distributor, etc. Wordsworth Classics,
Date of publication, distribution, etc. 1993.
300 ## - PHYSICAL DESCRIPTION
Extent xxviii, 564 p. ;
Dimensions 20 cm.
504 ## - BIBLIOGRAPHY, ETC. NOTE
Bibliography, etc. note Includes bibl. references.
650 #4 - SUBJECT ADDED ENTRY--TOPICAL TERM
Topical term or geographic name entry element French fiction
Chronological subdivision 19th century.
650 #4 - SUBJECT ADDED ENTRY--TOPICAL TERM
Topical term or geographic name entry element Swordsmen
Form subdivision Fiction.
650 #4 - SUBJECT ADDED ENTRY--TOPICAL TERM
Topical term or geographic name entry element Historical fiction.
650 #4 - SUBJECT ADDED ENTRY--TOPICAL TERM
Topical term or geographic name entry element Adventure stories.
Holdings
Withdrawn status Lost status Source of classification or shelving scheme Damaged status Not for loan Home library Current library Date acquired Total Checkouts Full call number Barcode Date last seen Copy number Price effective from Koha item type
              11/27/2022   843.7 D891 1993 1000000006939 11/27/2022 C1 11/27/2022 Book